| 000 | 01486nam a2200421 i 4500 | ||
|---|---|---|---|
| 001 | 193240 | ||
| 003 | SpMaBN | ||
| 005 | 20251017121824.0 | ||
| 007 | ta | ||
| 008 | 990517s1999 sp | ||| ||spa | ||
| 016 | 7 |
_abimoBNE19994805759 _2SpMaBN |
|
| 017 |
_aM 310-1999 _bOficina Depósito Legal Madrid |
||
| 020 | _a8448304128 | ||
| 035 | _a(OCoLC)432767351 | ||
| 040 |
_aSpMaBN _bspa _cSpMaBN _erdc |
||
| 080 | _a341.176(4-672 UE) | ||
| 100 | 1 |
_aBarón, Enrique, _d1944- _0XX874845 _eaut _925767 |
|
| 245 | 1 | 0 |
_aEuropa en el alba del milenio / _cEnrique Barón ; prólogos de Paul Preston y Carlos Fuentes |
| 260 |
_aMadrid : _bAcento, _c[1999] |
||
| 300 |
_a271 páginas ; _c22 cm |
||
| 336 |
_2rdacontent _aTexto |
||
| 337 |
_2rdamedia _asin mediación |
||
| 338 |
_2rdacarrier _avolumen |
||
| 440 | 0 |
_aSigno más _9178417 |
|
| 500 | _aÍndice | ||
| 500 | _aGlosario: p. 239-268 | ||
| 610 | 2 | 0 |
_a _9236705 |
| 700 | 0 |
_aPreston, Paul, _d1946- _eaui _993797 |
|
| 700 | 1 |
_aFuentes, Carlos, _d1928-2012 _eaui _9242378 |
|
| 830 |
_9178417 _aSigno más |
||
| 852 |
_aES-MaACL _bR. 154638 _cDEPOJ _9200663 _hDonación: Enrique Barón _jN-9407 _xEncuadernación rústica con solapas |
||
| 903 |
_aBarón, Enrique, _d1944- _ednr _925767 |
||
| 942 |
_n0 _cMONOGRAFIA |
||
| 999 |
_c193240 _d193240 |
||